Prístupy k financovaniu veľkých investičných projektov bakalárska práca

Uložené v:
Podrobná bibliografia
Hlavný autor: Bačkovská, Ivana
Korporativný autor: Fakulta podnikového manažmentu EU. Katedra podnikových financií
Ďalší autori: Harajdič, Ján
Médium: Kniha
Jazyk:Slovak
Vydavateľské údaje: Bratislava 2012
Tagy: Pridať tag
Žiadne tagy, Buďte prvý, kto otaguje tento záznam!

MARC

LEADER 00000nbm a2200000 4500
001 0154123
005 20161109111822.5
041 0 |a slo 
044 |a SK 
245 1 0 |a Prístupy k financovaniu veľkých investičných projektov  |b bakalárska práca  |c Ivana Bačkovská ; školiteľ: Ján Harajdič 
264 1 |a Bratislava  |c 2012 
300 |a 47 s. 
100 1 |a Bačkovská, Ivana 
700 1 |a Harajdič, Ján 
710 2 |a Fakulta podnikového manažmentu EU. Katedra podnikových financií